| 000 | 01203cam a2200325 i 4500 | ||
|---|---|---|---|
| 001 | 20630673 | ||
| 003 | OSt | ||
| 005 | 20240717100936.0 | ||
| 008 | 180815s2018 caua b 001 0 eng | ||
| 010 |
_a 2018304667 _z 2017956999 |
||
| 020 | _a9780128092842 | ||
| 040 |
_aDLC _beng _erda _cDLC _dDLC |
||
| 042 | _apcc | ||
| 050 | 0 | 0 |
_aTA1634 _b.D38 2018 |
| 100 | 1 |
_aDavies, E. R. _q(E. Roy), |
|
| 240 | 1 | 0 | _aComputer and machine vision |
| 245 | 1 | 0 |
_aComputer vision : _bprinciples, algorithms, applications, learning / _cE.R. Davies |
| 250 | _a5th ed. | ||
| 264 | 1 |
_aLondon, United Kingdom ; _aCambridge, MA, United States : _bElsevier/Academic Press, _c2018 |
|
| 300 | _axlii, 858 p. | ||
| 336 |
_atext _btxt _2rdacontent |
||
| 337 |
_aunmediated _bn _2rdamedia |
||
| 338 |
_avolume _bnc _2rdacarrier |
||
| 500 | _aPrevious edition: Computer and machine vision / 4th ed. 2012. | ||
| 650 | 0 | _aComputer vision. | |
| 650 | 0 | _aInformation visualization. | |
| 906 |
_a7 _bcbc _corigcop _d2 _encip _f20 _gy-gencatlg |
||
| 942 |
_2lcc _cBK |
||
| 999 |
_c20481 _d20480 |
||